ბათუმის შოთა რუსთაველის სახელმწიფო უნივერსიტეტის ბიბლიოთეკა

ჟურნალისტის ცნობარი / (ბიბ.ჩანაწერი № 37824)

000 -ლიდერი
ფიქსირებული სიგრძის საკონტროლო ველი 00997nam a2200217Ia 4500
001 - საკონტროლო ნომერი
საკონტროლო ველი 3801
003 - საკონტროლო ნომრის იდენტიფიკატორი
საკონტროლო ველი GE_BSU
005 - ბოლო ოპერაციის თარიღი და დრო
საკონტროლო ველი 20190809155241.0
008 - ფიქსირებული სიგრძის მონაცემთა ელემენტები - ზოგადი ინფორმაცია
ფიქსირებული სიგრძის საკონტროლო ველი 181216s1975||||ge |||||||||||||| ||geo||
040 ## - კატალოგიზაციის წყარო
Transcribing agency GE_BSU
041 ## - ენის კოდი
Language code of text/sound track or separate title geo
080 ## - უნივერსალური ათობითი კლასიფიკაციის ინდექსი
Universal Decimal Classification number 070(035) ბ–79
100 ## - მთავარი ჩანაწერი - პიროვნების სახელი
Personal name ბოგდანოვი, ნ.
9 (RLIN) 3486
245 ## - ცნობა სათაურის შესახებ
Title ჟურნალისტის ცნობარი /
Statement of responsibility, etc გ. იარალოვის ავტორიზებული თარგმანი მე-3 რუს. გადამუშ. და შევს. გამოცემიდან.
264 ## - წარმოების, გამოცემის, დისტრიბუციის და სხვა ცნობები
გამოცემის, წარმოების, დისტრიბუციის... ადგილი თბილისი :
გამოცემის, წარმოების, დისტრიბუციის... სახელწოდება საქ–ს კპ ცკ–ის გამ–ბა,
გამოცემის, წარმოების, დისტრიბუციის... თარიღი 1975.
300 ## - ფიზიკური აღწერა
Extent 749 გვ. ;
Other physical details 26 სმ.
653 ## - INDEX TERM--UNCONTROLLED
Uncontrolled term ჟურნალისტიკა - ცნობარები
700 ## - ADDED ENTRY--PERSONAL NAME
Personal name ვიაზენსკი, ბ.ა.
Relator term ავტორი
9 (RLIN) 3487
700 ## - ADDED ENTRY--PERSONAL NAME
Personal name იარალოვი, გ.
Relator term მთარგმნელი
9 (RLIN) 3488
942 ## - ADDED ENTRY ELEMENTS (KOHA)
Koha item type წიგნი
Source of classification or shelving scheme
ეგზემპლარები
ჩამოწერის სტატუსი დაკარგული ეგზემპლარის სტატუსი კლასიფიკაციის წყარო ან თაროზე გაწყობის სქემა დაზიანების სტატუსი არ გაიცემა მუდმივი მდებარეობა (დაცვის ადგილი) ამჟამინდელი ადგილსამყოფელი თაროზე განთავსების ადგილი შეძენის თარიღი ღირებულება, შესყიდვის ნორმალური ფასი სრული შენახვის შიფრი შტრიხკოდი ბოლო ოპერაციის თარიღი ეგზემპლარის მიმდევრობითი ნომერი (კეტერი?) ფასის ძალაში შესვლის თარიღი ეგზემპლარის სახეობა საჯარო შენიშვნა Uniform Resource Identifier
          ბათუმის შოთა რუსთაველის სახელმწიფო უნივერსიტეტის მთავარი ბიბლიოთეკა ბათუმის შოთა რუსთაველის სახელმწიფო უნივერსიტეტის მთავარი ბიბლიოთეკა წიგნსაცავი 2018-12-17 4.00 070(035) ბ–79 5359 2018-12-17 5359 2018-12-17 წიგნი 4 ლ.  
          ბათუმის შოთა რუსთაველის სახელმწიფო უნივერსიტეტის მთავარი ბიბლიოთეკა ბათუმის შოთა რუსთაველის სახელმწიფო უნივერსიტეტის მთავარი ბიბლიოთეკა წიგნსაცავი 2024-10-08 4.00 070(035) ბ–79 69179 2024-10-08 69179 2024-10-08 წიგნი 4.00 ნაჩუქარი